00690 2200217 4500001002100000005001700021008004100038035002400079090002000103100005300123245010200176250001100278260005900289300002200348500002600370650002500396850001500421980001500436985000600451999001500457YOGYA-0209000004167920090227025809.0 ind  0010-020900000041679 a711bYog PlYOG aYOGYAKARTA. Badan Perencanaan Pembangunan Daerah aPenelitian detail plan Yogyakarta dan sekitarnya (optimasi tata ruang area seturan, Depok Sleman) aCet. 1 aYogyakartabBadan Perencanaan Pembangunan Daerahc1983 aiv, 26 hlmc29 cm aBibliografi : hlm. 26 aTata Kota dan Daerah aYOPDYOG(B) a06-01-2007 a1 a07A0022816